00509cam a2200181ua 45000010005000000080039000050200018000440400009000620410008000710820008000791000032000872450095001192500009002142600037002233000010002606530035002706530022003056966141118n ii |||gr||||Z||||||asm a9789382624295 cMAIN aasm a890 aDatta, Soumyadeep,eAuthor.1 aBarnil arunachal : bAssamese travelogue on arunachal pradesh / cBy Soumyadeep Datta .  a1st. aGuwahati:bBhabani books,c2012. a341p. aLiteratures of other languages aArunachal history